01146nam a22002177a 4500003000400000005001700004008004100021020001800062040001400080041000800094082001200102100003100114245004100145264003500186300006200221521049200283650004100775650003700816650003900853700003600892OSt20260319195247.0260319b ||||| |||| 00| 0 spa d a9789583067426 cCO-Mq BPB aspa aCbJOLg aJolibois, Christianeautor aLa gallinita que quería ver el mar aBogotá;bPanamericana,c2023 a56 páginas;bTapa rustica, ilustraciones a colorc18 cm aLa gallinita que quería ver el mar cuenta la historia de Carmela, una gallinita que se cansa de su rutina diaria de poner huevos en la granja y sueña con algo diferente: conocer el mar. A pesar de que su familia no entiende su deseo y trata de impedirlo, Carmela decide seguir su sueño y emprende una aventura fuera de la granja. En su viaje vivirá experiencias inesperadas que la harán crecer, descubrir el mundo y demostrar que es posible atreverse a cambiar la propia vida. aDeseo de explorar y conocer el mundo aAutonomía y toma de decisiones aValentía y superación personal aHeinrich, Christianeilustrador